000 00622cam a22002053a 4500
001 45471
003 PGUSA
005 20140828084042.0
008 140424s2014||||xxu|||||s|||||000 | eng d
040 _aPGUSA
_beng
042 _adc
100 1 _aVertot, Abbot de
_q(René Aubert de Vertot),
_d1655-1735
245 1 4 _aThe History of the Revolutions of Portugal
_h[electronic resource] /
_cAbbot de Vertot
260 _bProject Gutenberg,
_c2014
506 _aPublic domain in the USA.
516 _aElectronic text
830 0 _aProject Gutenberg
_v45471
856 4 0 _uhttp://www.gutenberg.org/ebooks/45471
942 _cEB
999 _c274722
_d274722